000
00309nam a2200133 a 4500
005
20140414093846.0
008
100218s19uu xx uuu eng d
050
_a
CDB 910
_b
PLA 2005
245
_a
Planet geography - CD-A.
650
_a
Geography.
650
_a
Planets.
942
_c
AVM
999
_c
109631
_d
109631